00613cam a22002171 4500001001300000003000400013005001700017008004100034010001700075035002000092040001700112042001200129050001900141100004900160245006600209260004400275300002400319502002500343500001000368999001700378g 01000411 DLC20260227111251.0940610s1897 gw 000 0 ger  ag 01000411  a(OCoLC)30592960 aDLCcCUdDLC apremarc00aBX8301414b.B61 aBlumenthal, Hermann Friedrich Thomas,d1861-04aDie vorgeschichte des Constanzer concils bis zur berufung ... aHalle a.S.,bC.A. Kaemmerer Co.,c1897. a131, [1] p.c23 cm. aInaug.-diss.--Halle. aVita. c23460d23460